On reading

Tallennettuna:
Bibliografiset tiedot
Päätekijä: Kertész, André 1894-1985
Aineistotyyppi: Tuntematon
Kieli:englanti
Julkaistu: New York, USA Penguin Books, 1982
Aiheet:
Tagit: Lisää tagi
Ei tageja, Lisää ensimmäinen tagi!

MARC

LEADER 00000 a2200000 4500
003 CL-VaPUC
005 20210825115225.0
008 210720b1982 ||||| |||| 00| 0 eng d
999 |c 433343  |d 433341 
040 |c Pontificia Universidad Católica de Valparaíso 
082 |a 779.9028 KER 1982 
100 |a Kertész, André   |d 1894-1985  |9 862106 
245 |a On reading 
260 |a New York, USA  |b Penguin Books,   |c 1982 
300 |a 63 páginas;  |b fotografías en blanco y negro 
583 |k Cristina Rojas  |c 20210720 
600 0 |a Kertész, André   |d 1894-1985  |9 862106 
650 0 |a Fotografía artística  |9 269391 
942 |2 ddc  |c BK 
952 |0 0  |1 0  |2 ddc  |4 0  |6 779_902800000000000_KER_1982  |7 0  |8 R  |9 578440  |a BIBART  |b BIBART  |d 2021-07-15  |e 139  |g 8363.63  |i 5586534  |o 779.9028 KER 1982  |p 5586534  |r 2025-03-13  |t 1  |v 8363.63  |w 2021-07-15  |y BK_R  |k ART